000 00660na a2200229 4500
001 15560
003 MIRAKIL
005 20181213154845.0
008 161006b tu 000 0
035 _a15560
040 _aMilas
_btur
_cTR-AnCHP
041 _atur
082 _a350.9561
_bY44y [t.y.]
090 _a350.9561 Y44y [t.y.]
100 _aYıldız, Mehmet
245 _aNasıl bir yerel yönetim?
_byerel yönetimler yerel hizmetler
_cMehmet Yıldız
260 _a[y.y.]
_b[yayl.y.]
_c[t.y.]
300 _a76 s.
_c26 sm.
650 _aYerel yönetimler
_xToplumsal gelişme
_zTürkiye
650 _aYerel hizmetler
_zTürkiye
942 _2ddc
_cBKS
999 _c2095
_d2095